| Tag |
First Indicator |
Second Indicator |
Subfields |
| LEADER |
00000cam a2200000 a 4500 |
| 001 |
in00000513621 |
| 005 |
20151013093729.0 |
| 008 |
840109s1983 enkab b 00110 eng d |
| 020 |
|
|
|a 0437075397
|
| 035 |
|
|
|a (OCoLC)10281301
|
| 035 |
|
|
|9 ACG1658AM
|
| 040 |
|
|
|a GZN
|c GZN
|d TXA
|d UtOrBLW
|
| 043 |
|
|
|a e-uk---
|
| 049 |
|
|
|a TXAM
|c 1 [1659510], 2 [A09007844]
|
| 090 |
|
|
|a HE557.G7
|b J33 1983
|
| 100 |
1 |
|
|a Jackson, Gordon.
|
| 245 |
1 |
4 |
|a The history and archaeology of ports /
|c Gordon Jackson.
|
| 264 |
|
1 |
|a Tadworth :
|b World's Work,
|c [1983]
|
| 264 |
|
4 |
|c ©1983
|
| 300 |
|
|
|a 176 pages :
|b illustrations, maps ;
|c 27 cm.
|
| 336 |
|
|
|a text
|b txt
|2 rdacontent
|
| 337 |
|
|
|a unmediated
|b n
|2 rdamedia
|
| 338 |
|
|
|a volume
|b nc
|2 rdacarrier
|
| 500 |
|
|
|a Includes index.
|
| 504 |
|
|
|a Bibliography: pages 171-172.
|
| 650 |
|
0 |
|a Harbors
|z Great Britain
|x History.
|
| 999 |
|
|
|a MARS
|
| 999 |
f |
f |
|s 68a9f61b-776d-3769-963a-3c0ab68c6cfb
|i 3e257c77-7797-3099-b799-0d5331f5ee84
|t 0
|
| 952 |
f |
f |
|p normal
|a Texas A&M University
|b College Station
|c Sterling C. Evans Library
|d Evans: Library Stacks
|t 0
|e HE557.G7 J33 1983
|h Library of Congress classification
|i unmediated -- volume
|m A14808091874
|
| 998 |
f |
f |
|a HE557.G7 J33 1983
|t 0
|l Evans: Library Stacks
|